00000000nam 2200000za 4500
0019.695190
003CaOODSP
00520221109113405
007cr |||||||||||
008150407|2005||||xxc|||||o    f|0| 0 eng d
040 |aCaOODSP|beng
043 |an-cn---
0861 |aD2-176/2005E-PDF
1101 |aCanada. |bDepartment of National Defence.
24510|aFrom the outside looking in : |h[electronic resource]|bmedia and defence analyst perspectives on Canadian military leadership / |cBernd Horn, editor; produced for the Canadian Defence Academy Press by 17 Wing Winnipeg Publishing Office.
260 |aKingston - Ontario : |bNational Defence |cc2005.
300 |a266p.|bglossary, index
500 |aThe catalogue number (D2-176/2005E) and ISBN (0-662-41998-7) for the print edition have been incorrectly copied in this PDF version.
500 |aCorrected copy provided by publisher (2022-11-09).
590 |a12-30-Supp|b2012-06-28
69007|aMilitary command|2gcpds
69007|aMedia relations|2gcpds
69007|aPublic opinion|2gcpds
69007|aLeadership|2gcpds
77508|tPerspectives de l'extérieur : |w(CaOODSP)9.639335
7760#|tFrom the outside looking in - media and defence analyst perspectives on Canadian military leadership / |w(CaOODSP)9.649926
85640|ahttp://publications.gc.ca|qPDF|s1.89 MB|uhttps://publications.gc.ca/collections/collection_2011/dn-nd/D2-176-2005-eng.pdf